00637pam a2200217 a 4500001000500000005001700005020001800022040002300040050001400063082001200077100001700089245003300106260003700139300004700176505000800223520010500231521002000336521002000356650002100376650002200397312320240207141506.0 a9780590486156 aDLCcDLCdDLCbeng00aPZ73.G58700a823.9141 aGomi, Tarò„10aMy friends /cby Gomi, Taro  aNew York : bScholastic , c1989 a32 pages : bcolor illustrations ;c23 cm. aJ  aA little girl learns to walk, climb, and study the earth from her friends, most of whom are animals. a470 bLexile  aJ bRaz-Plus  1aGrowthxFiction. 1aAnimalsxFiction.